书目信息 |
| 题名: |
微波原理
|
|
| 作者: | 鲍家善 , 马柏林 , 钱鉴 著 | |
| 分册: | ||
| 出版信息: | 北京 高等教育出版社 1985 |
|
| 页数: | 500页 | |
| 开本: | 20cm | |
| 丛书名: | ||
| 单 册: | ||
| 中图分类: | TN015 | |
| 科图分类: | ||
| 主题词: | 微波技术 , 超高频技术 | |
| 电子资源: | ||
| ISBN: | ||
| 000 | 00728nam0 2200289 45 | |
| 001 | 0185020770 | |
| 005 | 20041109101220.6 | |
| 010 | @dCNY3.60 | |
| 091 | @a13010.01054 | |
| 100 | @a19900921d1985 em y0chiy0121 ea | |
| 101 | 0 | @achi |
| 102 | @aCN@b110000 | |
| 105 | @ay z 000yy | |
| 200 | 10 | @a微波原理@Awei bo yuan li@f鲍家善等著@FBao Jia Shan Deng Zhu |
| 205 | @a2版 | |
| 210 | @a北京@c高等教育出版社@d1985 | |
| 215 | @a500页@d20cm | |
| 300 | @a高等学校教材 | |
| 606 | @a微波技术 | |
| 606 | 0 | @a超高频技术 |
| 690 | @aTN015@v3 | |
| 701 | 0 | @a鲍家善@4著 |
| 701 | 0 | @a马柏林@4著 |
| 701 | 0 | @a钱鉴@4著 |
| 801 | 0 | @aCN@b深圳图书馆@c20040520 |
| 801 | 2 | @aCN@bNLC@c20040520 |
| 905 | @dTN015@e22-2@f1@b136240 | |
| 微波原理/鲍家善等著.-2版.-北京:高等教育出版社,1985 |
| 500页;20cm |
| 高等学校教材 |
| ISBN :CNY3.60 |
| ● |
| 相关链接 |
|
|
|
|
正题名:微波原理
索取号:TN015/22-2
 
预约/预借
| 序号 | 登录号 | 条形码 | 馆藏地/架位号 | 状态 | 备注 |
| 1 | 0136240 | 001348544 | 第三借阅区/ [索取号:TN015/22-2] | 在馆 | |
| 2 | 0136241 | 001348580 | 第二样本阅览室/ [索取号:TN015/22-2] | 在馆 |